MARC details
| 000 -LEADER |
| fixed length control field |
02433cam a2200277 4500 |
| 001 - CONTROL NUMBER |
| control field |
ABS67176 |
| 008 - FIXED-LENGTH DATA ELEMENTS--GENERAL INFORMATION |
| fixed length control field |
031031n2003 000 0 eng u |
| 035 ## - SYSTEM CONTROL NUMBER |
| System control number |
(Sirsi) u124203 |
| 245 ## - TITLE STATEMENT |
| Title |
Harrow LBC v Qazi |
| 260 ## - PUBLICATION, DISTRIBUTION, ETC. |
| Date of publication, distribution, etc. |
2003 |
| 490 ## - SERIES STATEMENT |
| Series statement |
Weekly Law Reports |
| Volume/sequential designation |
[2003] 3 WLR 792-840(47) |
| 520 ## - SUMMARY, ETC. |
| Summary, etc. |
[2003] UKHL 43, 9 June 2003. Appeal by Harrow LB (H) against CA ([2001] EWCA Civ 1834, [2002] PLSCS 145) decision in favour of defendant (Q), holding that European Convention on Human Rights Art.8 was engaged even though Q's tenancy had been terminated. Q and his then wife were joint tenants. After his wife left him and quit the tenancy in 1999, application for sole tenancy was refused, as he was not entitled to family-sized accommodation. At the time H commenced possession proceedings, Q was still living in the flat with another woman and her child. Q's human rights defence was rejected on the basis that the flat was not his home in that he had no legal or equitable right or interest in the flat. CA reversed this decision. HL itself allowed H leave to appeal CA's decision. Held", appeal allowed: (1) At the time possession was ordered, Q's flat was his home within the meaning of Convention art 8, namely that a home was where a person lived (for eight years in Q's case), although Q's tenancy had expired by operation of law. Art 8 does not give a right to a home, only a right to respect for a person's home as an aspect of his right to privacy.(2) By three to two majority, contractual and proprietary rights could not be defeated by defences based on art.8. The possession order would be restored. View judgment at www.parliament.the-stationery-office.co.uk. |
| 590 ## - LOCAL NOTE (RLIN) |
| Local note |
ABS |
| 650 ## - SUBJECT ADDED ENTRY--TOPICAL TERM |
| Topical term or geographic name entry element |
SHEFFIELD CITY COUNCIL V SMART |
| 650 ## - SUBJECT ADDED ENTRY--TOPICAL TERM |
| Topical term or geographic name entry element |
PRIVACY |
| 650 ## - SUBJECT ADDED ENTRY--TOPICAL TERM |
| Topical term or geographic name entry element |
HOME |
| 650 ## - SUBJECT ADDED ENTRY--TOPICAL TERM |
| Topical term or geographic name entry element |
R V BRACKNELL FOREST BC EX P MCLELLAN |
| 650 ## - SUBJECT ADDED ENTRY--TOPICAL TERM |
| Topical term or geographic name entry element |
CONVENTION FOR THE PROTECTION OF HUMAN RIGHTS AND FUNDAMENTAL FREEDOMS ART 8 |
| 650 ## - SUBJECT ADDED ENTRY--TOPICAL TERM |
| Topical term or geographic name entry element |
CONVENTION FOR THE PROTECTION OF HUMAN RIGHTS AND FUNDAMENTAL FREEDOMS ART 8.1 |
| 650 ## - SUBJECT ADDED ENTRY--TOPICAL TERM |
| Topical term or geographic name entry element |
CONVENTION FOR THE PROTECTION OF HUMAN RIGHTS AND FUNDAMENTAL FREEDOMS ART 8.2 |
| 650 ## - SUBJECT ADDED ENTRY--TOPICAL TERM |
| Topical term or geographic name entry element |
HARROW LBC V QAZI |
| 650 ## - SUBJECT ADDED ENTRY--TOPICAL TERM |
| Topical term or geographic name entry element |
POPLAR HOUSING V DONOGHUE |
| 690 ## - LOCAL SUBJECT ADDED ENTRY--TOPICAL TERM (OCLC, RLIN) |
| Topical term or geographic name as entry element |
LANDLORD AND TENANT-RESIDENTIAL TENANCIES-CASE LAW |
| 856 ## - ELECTRONIC LOCATION AND ACCESS |
| Uniform Resource Identifier |
<a href="https://www.parliament.the-stationery-office.co.uk/pa/ld200203/ldjudgmt/jd030731/qazi-1.htm">https://www.parliament.the-stationery-office.co.uk/pa/ld200203/ldjudgmt/jd030731/qazi-1.htm</a> |
| Public note |
View judgment on the UK Parliament website. |
| 942 ## - ADDED ENTRY ELEMENTS (KOHA) |
| Suppress in OPAC |
0 |